书目信息 |
| 题名: |
历届高考文言文译解
|
|
| 作者: | 张继质 , 孙树松 编著 | |
| 分册: | ||
| 出版信息: | 天津 天津人民出版社 1982 |
|
| 页数: | 82页 | |
| 开本: | 19cm | |
| 丛书名: | ||
| 单 册: | ||
| 中图分类: | G634.3 , G633.3 | |
| 科图分类: | ||
| 主题词: | 语文--高中--升学参考资料 | |
| 电子资源: | ||
| ISBN: | ||
| 000 | 00709nam0 2200253 45 | |
| 001 | 0182003909 | |
| 005 | 20060820111452.29 | |
| 010 | @dCNY0.25 | |
| 091 | @a9072.25 | |
| 100 | @a19950630d1982 em y0chiy0121 ea | |
| 101 | 0 | @achi |
| 102 | @aCN@b120000 | |
| 105 | @ay q 000yy | |
| 200 | 10 | @a历届高考文言文译解@Ali jie gao kao wen yan wen yi jie@f张继质,孙树松编著 |
| 210 | @a天津@c天津人民出版社@d1982 | |
| 215 | @a82页@d19cm | |
| 606 | @a语文@x高中@x升学参考资料 | |
| 690 | @aG634.3@v3 | |
| 690 | @aG633.3 | |
| 701 | 0 | @a张继质@Azhang ji zhi@4编著 |
| 701 | 0 | @a孙树松@Asun shu song@4编著 |
| 801 | 0 | @aCN@b上海图书馆@c20060820 |
| 801 | 2 | @aCN@bNLC@c20060819 |
| 905 | @f6@b72269-274@dG633.3@e25 | |
| 历届高考文言文译解/张继质,孙树松编著.-天津:天津人民出版社,1982 |
| 82页;19cm |
| ISBN :CNY0.25 |
| ● |
| 相关链接 |
|
|
|
|
正题名:历届高考文言文译解
索取号:G633.3/25
 
预约/预借
| 序号 | 登录号 | 条形码 | 馆藏地/架位号 | 状态 | 备注 |
| 1 | 0072269 | 000475104 | 密集书库/ [索取号:G633.3/25] | 在馆 | |
| 2 | 0072270 | 000475024 | 密集书库/ [索取号:G633.3/25] | 在馆 | |
| 3 | 0072271 | 000475060 | 密集书库/ [索取号:G633.3/25] | 在馆 | |
| 4 | 0072272 | 000474980 | 密集书库/ [索取号:G633.3/25] | 在馆 | |
| 5 | 0072273 | 000475140 | 密集书库/ [索取号:G633.3/25] | 在馆 | |
| 6 | 0072274 | 000474739 | 密集书库/ [索取号:G633.3/25] | 在馆 | |
| 7 | 0072276 | 000475186 | 第一样本阅览室/ [索取号:G633.3/25] | 在馆 | |
| 8 | 0465030 | 204650305 | 密集书库/ [索取号:G633.3/25] | 在馆 | |
| 9 | 0465482 | 204654828 | 密集书库/ [索取号:G633.3/25] | 在馆 | |
| 10 | 0471092 | 204710928 | 密集书库/ [索取号:G633.3/25] | 在馆 | |
| 11 | 0471642 | 204716423 | 密集书库/ [索取号:G633.3/25] | 在馆 |